Concepts in management science (Record no. 11935)

MARC details
000 -LEADER
fixed length control field 00428nam a2200157Ia 4500
082 ## - DEWEY DECIMAL CLASSIFICATION NUMBER
Classification number 658.403 CLO-;
100 ## - MAIN ENTRY--AUTHOR NAME
Personal name Clough, Donald J.
245 #0 - TITLE STATEMENT
Title Concepts in management science
260 ## - PUBLICATION, DISTRIBUTION, ETC. (IMPRINT)
Place of publication New Delhi
Name of publisher Prentice-Hall of India
Year of publication 1963
300 ## - PHYSICAL DESCRIPTION
Number of Pages vi, 425p.
504 ## - BIBLIOGRAPHY, ETC. NOTE
Bibliography, etc Includes index
650 ## - SUBJECT ADDED ENTRY--TOPICAL TERM
Topical Term Mathematics - Decision making
650 ## - SUBJECT ADDED ENTRY--TOPICAL TERM
Topical Term Economics - Decision making
650 ## - SUBJECT ADDED ENTRY--TOPICAL TERM
Topical Term Management science
942 ## - ADDED ENTRY ELEMENTS (KOHA)
Koha item type Books
Source of classification or shelving scheme Dewey Decimal Classification
Holdings
Withdrawn status Lost status Damaged status Not for loan Home library Current library Date acquired Full call number Accession Number Price effective from Koha item type
        NASSDOC Library NASSDOC Library 08/06/2004 658.403 CLO-; 3910 18/04/2019 Books